| 000 | 01113nam a22003497a 4500 | ||
|---|---|---|---|
| 003 | CHAP | ||
| 005 | 20220817042747.0 | ||
| 008 | 971013s1970 r 00010 d | ||
| 010 | _a54733 | ||
| 011 | _a55705 | ||
| 035 | _a59857 | ||
| 040 | _cCHAP | ||
| 082 |
_a631.0913 _bW5 1970 |
||
| 100 | 0 | 0 | _aWilliams, C. N. |
| 245 | _aClimate, soil and crop production in the humid tropics | ||
| 260 |
_aKuala Lumpur : _bOxford University, _c1970 |
||
| 300 |
_a177 p. _b: ilus. |
||
| 490 | _aOxford in Asia College Texts | ||
| 590 |
_aBATCH-UPD _b10 _c20130110 _lUCH01 _h0446 |
||
| 590 |
_aBATCH-UPD _b10 _c20130410 _lUCH01 _h0123 |
||
| 590 |
_aBATCH-UPD _b10 _c20130913 _lUCH01 _h2356 |
||
| 590 |
_aCONVERSION _b10 _c20130109 _lUCH01 _h1330 |
||
| 650 | 1 | 4 |
_aAgricultura _xTrĂ³picos. _91888 |
| 650 | 1 | 4 |
_aCultivos tropicales. _930383 |
| 650 | 1 | 4 |
_aSuelos tropicales. _9110563 |
| 650 | 1 | 4 |
_aTrĂ³picos _xClima. _9115282 |
| 700 | 0 |
_aJoseph, K.T. _962194 |
|
| 830 | 0 |
_aOxford in Asia College Texts _984453 |
|
| 901 | _aBK | ||
| 942 | _cLIBRO | ||
| 949 |
_a631.0913 W5 1970 _bBC _cLIBRO _d33724000053443 _eLIBRO _h29657 _i59857 _si |
||
| 999 |
_c54733 _d54733 |
||